000 02123nam a2200373 a 4500
001 ebr10438380
003 CaPaEBR
006 m u
007 cr cn|||||||||
008 100723s2011 enka sb 001 0 eng d
010 _z 2010031106
020 _z9780470057513 (hardback)
020 _z9780470667057
020 _z9780470667040 (e-book)
040 _aCaPaEBR
_cCaPaEBR
035 _a(OCoLC)715351552
050 1 4 _aTK7872.C8
_bT46 2011eb
082 0 4 _a621.31/244
_222
100 1 _aTeodorescu, Remus.
245 1 0 _aGrid converters for photovoltaic and wind power systems
_h[electronic resource] /
_cRemus Teodorescu, Marco Liserre, Pedro Rodriguez.
260 _aChichester, U.K. ;
_aHoboken, N.J. :
_bWiley,
_c2011.
300 _axvi, 398 p. :
_bill.
504 _aIncludes bibliographical references and index.
520 _a"Grid Converters for Photovoltaic and Wind Power Systems provides a comprehensive description of the control of grid converters for photovoltaic and wind power systems. The authors present a range of control methods for meeting the latest application, power quality and power conversion requirements and standards, as well as looking towards potential future control functions. Practical examples, exercises, and an accompanying website with simulation models using Matlab and Simulink environments, and PSIM software make this text a pragmatic resource for electrical engineers as well as students taking related courses"--
_cProvided by publisher.
533 _aElectronic reproduction.
_bPalo Alto, Calif. :
_cebrary,
_d2011.
_nAvailable via World Wide Web.
_nAccess may be limited to ebrary affiliated libraries.
650 0 _aElectric current converters.
650 0 _aPhotovoltaic power systems
_xEquipment and supplies.
650 0 _aWind energy conversion systems
_xEquipment and supplies.
655 7 _aElectronic books.
_2local
700 1 _aLiserre, Marco.
700 1 _aRodriguez, Pedro.
710 2 _aebrary, Inc.
856 4 0 _uhttp://site.ebrary.com/lib/rucke/Doc?id=10438380
_zAn electronic book accessible through the World Wide Web; click to view
999 _c133286
_d133286